| 000 | 00680nam a2200277 a 4500 | ||
|---|---|---|---|
| 003 | AR-BaBNM | ||
| 005 | 20251128210742.0 | ||
| 008 | 082120s2002 ||||||||||||||000 | spa|| | ||
| 020 | _a950-05-1281-5 | ||
| 040 | _cAR-BaBNM | ||
| 100 | 1 | _aCastilla, Manuel J. | |
| 245 | 0 | 0 | _aObras completas |
| 260 |
_aBuenos Aires _bEdiciones Corregidor _c2000 |
||
| 300 | _a607 p. | ||
| 490 | 0 | _aBiblioteca de poesÃa | |
| 650 | 4 | _aLITERATURA ARGENTINA | |
| 650 | 4 | _aPOESIA | |
| 650 | 4 | _aTRADICION ORAL | |
| 650 | 4 | _aCOSTUMBRES Y TRADICIONES | |
| 650 | 4 | _aESCRITORES | |
| 650 | 4 | _aANTOLOGIAS | |
| 653 | _aNARRATIVA | ||
| 655 | _aLITERATURA | ||
| 942 | _cBK | ||
| 998 | _cMARTIN | ||
| 999 |
_c16744 _d16744 |
||